000
00324nam a2200133Ia 4500
008
190723s9999 xx 000 0 und d
020
_a
978-93-325-1868-1
100
_a
Bernd Bruegge
245
0
_a
Object Oriented Software Engineering
250
_a
3rd
260
_a
Chennai
_b
Pearson
_c
2014
300
_a
723.:p
942
_c
BK
999
_c
1774
_d
1774